[Event "SVK-chT2C 1112"]
[Site "Slovakia"]
[Date "2012.02.25"]
[Round "10.6"]
[White "Stefanik, Marcel"]
[Black "Petras, Marian"]
[Result "0-1"]
[WhiteElo "1845"]
[BlackElo "1823"]
[PlyCount "88"]
[EventDate "2011.10.08"]
[EventType "team-tourn"]
[EventRounds "11"]
[EventCountry "SVK"]
[SourceTitle "EXT 2013"]
[Source "ChessBase"]
[SourceDate "2012.11.22"]
[SourceVersion "1"]
[SourceVersionDate "2012.11.22"]
[SourceQuality "1"]
[WhiteTeam "Zilina Mladost II"]
[BlackTeam "Liptov Chess School II"]
[WhiteTeamCountry "SVK"]
[BlackTeamCountry "SVK"]

1. d4 d5 2. c4 c6 3. e3 Bf5 4. Nc3 Nf6 5. Nf3 e6 6. a3 Nbd7 7. Be2 Bd6 8. c5 Bc7 9. b4 a6 10. 0-0 e5 11. dxe5 Nxe5 12. Nxe5 Bxe5 13. Bb2 Qe7 14. Qd2 0-0 15. Bf3 Rad8 16. Ne2 Ne4 17. Bxe4 Bxe4 18. Bxe5 Qxe5 19. Nd4 Rde8 20. Rae1 Bg6 21. f4 Qe7 22. f5 Bh5 23. Rf4 Qg5 24. Qf2 Re4 25. h4 Qe7 26. Rxe4 Qxe4 27. f6 gxf6 28. Nf5 Bg6 29. Nd6 Qe5 30. Nxb7 Qc3 31. Qg3 h5 32. Nd6 Qxa3 33. Qf4 Qc3 34. Rf1 Kg7 35. Qg3 Qxb4 36. Nf5+ Kh7 37. Qd6 Rg8 38. Ne7 Rg7 39. Nxc6 Qd2 40. Rf2 Qe1+ 41. Rf1 Qxe3+ 42. Rf2 Be4 43. Kf1 Bxg2+ 44. Rxg2 Qf3+ 0-1

[Event "SVK-chT2C 10/11"]
[Site "Slovakia"]
[Date "2011.03.05"]
[Round "8.1"]
[White "Stefanik, Marcel"]
[Black "Prokaj, Mikulas"]
[Result "1/2-1/2"]
[WhiteElo "1866"]
[BlackElo "1900"]
[PlyCount "85"]
[EventDate "2010.10.23"]
[EventType "team-tourn"]
[EventRounds "11"]
[EventCountry "SVK"]
[SourceTitle "EXT 2019"]
[Source "ChessBase"]
[SourceDate "2018.10.10"]
[SourceVersion "1"]
[SourceVersionDate "2018.10.10"]
[SourceQuality "1"]
[WhiteTeam "Zilina Mladost II"]
[BlackTeam "Banska Bystrica Kurta"]
[WhiteTeamCountry "SVK"]
[BlackTeamCountry "SVK"]

1. d4 Nf6 2. Nf3 e6 3. Nbd2 d5 4. e3 Nbd7 5. Be2 b6 6. b3 Bb7 7. Bb2 Be7 8. Rc1 0-0 9. 0-0 c5 10. dxc5 bxc5 11. c4 Rc8 12. Qc2 Re8 13. Rfd1 Qb6 14. cxd5 exd5 15. Bd3 g6 16. e4 c4 17. Bf1 c3 18. Bxc3 Bb4 19. Qb2 Bxc3 20. Rxc3 dxe4 21. Rxc8 Rxc8 22. Nd4 e3 23. fxe3 Ng4 24. Nc4 Qc5 25. h3 Nge5 26. Nxe5 Nxe5 27. Qf2 Re8 28. Bb5 Rd8 29. Qf6 Rf8 30. Rf1 Qd5 31. Qf2 a6 32. Be2 Qe4 33. Ne6 Rc8 34. Ng5 Qd5 35. Nxf7 Nxf7 36. Bc4 Rxc4 37. bxc4 Qxc4 38. Rb1 Qd5 39. Qb2 Bc6 40. Qb8+ Kg7 41. Qb2+ Kg8 42. Qb8+ Kg7 43. Qb2+ 1/2-1/2

[Event "SVK-chT2C 10/11"]
[Site "Slovakia"]
[Date "2010.10.23"]
[Round "1.5"]
[White "Valuska, Jan"]
[Black "Stefanik, Marcel"]
[Result "1/2-1/2"]
[WhiteElo "2053"]
[BlackElo "1866"]
[PlyCount "91"]
[EventDate "2010.10.23"]
[EventType "team-tourn"]
[EventRounds "11"]
[EventCountry "SVK"]
[SourceTitle "EXT 2019"]
[Source "ChessBase"]
[SourceDate "2018.10.10"]
[SourceVersion "1"]
[SourceVersionDate "2018.10.10"]
[SourceQuality "1"]
[WhiteTeam "Zvolen Slavia"]
[BlackTeam "Zilina Mladost II"]
[WhiteTeamCountry "SVK"]
[BlackTeamCountry "SVK"]

1. f4 d5 2. Nf3 Nf6 3. b3 c5 4. Bb2 e6 5. e3 Nc6 6. Nc3 Bd7 7. a3 Rc8 8. Bd3 a6 9. Ne2 b5 10. Ng3 c4 11. Be2 Bc5 12. Ne5 Nxe5 13. Bxe5 Bc6 14. Bf3 0-0 15. Qe2 Nd7 16. Bb2 Bd6 17. 0-0 e5 18. Nf5 Bb8 19. Bg4 g6 20. Nh6+ Kg7 21. Bxd7 Bxd7 22. Ng4 Bxg4 23. Qxg4 d4 24. fxe5 c3 25. dxc3 dxc3 26. Bc1 Bxe5 27. e4 Qd4+ 28. Kh1 f5 29. Qh3 f4 30. Bxf4 Bxf4 31. Rxf4 Rxf4 32. Qxc8 Rf2 33. Qe6 h5 34. h4 Qf6 35. Qxf6+ Kxf6 36. Rc1 Ke5 37. Kg1 Rd2 38. Kf1 Kxe4 39. Re1+ Kf5 40. Re2 Rxe2 41. Kxe2 Kg4 42. Kd3 Kxh4 43. Kxc3 Kg3 44. Kb2 Kxg2 45. c4 bxc4 46. bxc4 1/2-1/2

[Event "SVK-chT1E 0910"]
[Site "Slovakia"]
[Date "2009.10.17"]
[Round "1.2"]
[White "Stefanik, Marcel"]
[Black "Tropp, Oliver"]
[Result "1/2-1/2"]
[WhiteElo "1875"]
[BlackElo "1787"]
[PlyCount "55"]
[EventDate "2009.10.17"]
[EventType "team"]
[EventRounds "11"]
[EventCountry "SVK"]
[SourceTitle "EXT 2011"]
[Source "ChessBase"]
[SourceDate "2010.11.26"]
[SourceVersion "1"]
[SourceVersionDate "2010.11.26"]
[SourceQuality "1"]
[WhiteTeam "Zilina Mladost juniors"]
[BlackTeam "Liptov Chess School"]
[WhiteTeamCountry "SVK"]
[BlackTeamCountry "SVK"]

1. d4 e6 2. c4 d5 3. e3 Be7 4. Nf3 Nf6 5. Nc3 b6 6. b3 Bb7 7. Bd2 Nbd7 8. Be2 Rc8 9. cxd5 exd5 10. 0-0 0-0 11. Ne5 c5 12. f4 cxd4 13. exd4 Ne4 14. Nxe4 dxe4 15. Be3 Nf6 16. Bc4 Nd5 17. Bc1 b5 18. Bxd5 Qxd5 19. Bb2 Bd8 20. Rc1 Bb6 21. Rxc8 Bxc8 22. Kh1 h5 23. f5 h4 24. Qh5 Bxd4 25. Bxd4 Qxd4 26. f6 gxf6 27. Ng6 fxg6 28. Qxg6+ 1/2-1/2

[Event "SVK-chT2C 0809"]
[Site "Slovakia"]
[Date "2009.03.01"]
[Round "11.2"]
[White "Stefanik, Marcel"]
[Black "Jelen, Peter1111"]
[Result "1-0"]
[WhiteElo "1844"]
[BlackElo "2015"]
[PlyCount "61"]
[EventDate "2008.10.11"]
[EventType "team-tourn"]
[EventRounds "11"]
[EventCountry "SVK"]
[SourceTitle "EXT 2010"]
[Source "ChessBase"]
[SourceDate "2010.11.25"]
[SourceVersion "1"]
[SourceVersionDate "2010.11.25"]
[SourceQuality "1"]
[WhiteTeam "Zilina Mladost juniors"]
[BlackTeam "Liptov SK III"]
[WhiteTeamCountry "SVK"]
[BlackTeamCountry "SVK"]

1. d4 e6 2. c4 d5 3. Nc3 c6 4. e3 f5 5. c5 Nf6 6. Bd3 Be7 7. h3 Nbd7 8. f4 0-0 9. Nf3 Ne4 10. 0-0 Rf6 11. Bd2 Rh6 12. Be1 Qe8 13. Bxe4 fxe4 14. Nh2 Nf6 15. Ng4 Nxg4 16. hxg4 Qg6 17. g5 Rh5 18. Qe2 Bxg5 19. fxg5 Rxg5 20. Bh4 Rh5 21. Rf4 e5 22. dxe5 Qh6 23. Qf2 Bf5 24. g3 g6 25. Ne2 Re8 26. Nd4 Rxe5 27. Rf1 a5 28. b3 Re8 29. Kg2 Bc8 30. Rxe4 Bh3+ 31. Kg1 1-0

[Event "SVK-chT2C 0708"]
[Site "Slovakia"]
[Date "2008.03.14"]
[Round "11.6"]
[White "Laffers, Lukas"]
[Black "Stefanik, Marcel"]
[Result "0-1"]
[WhiteElo "1889"]
[BlackElo "1826"]
[PlyCount "121"]
[EventDate "2007.10.06"]
[EventType "team-tourn"]
[EventRounds "11"]
[EventCountry "SVK"]
[SourceTitle "EXT 2010"]
[Source "ChessBase"]
[SourceDate "2010.11.25"]
[SourceVersion "1"]
[SourceVersionDate "2010.11.25"]
[SourceQuality "1"]
[WhiteTeam "Banska Bystrica CVC"]
[BlackTeam "Zilina Mladost juniors"]
[WhiteTeamCountry "SVK"]
[BlackTeamCountry "SVK"]

1. e4 e6 2. d4 d5 3. exd5 Qxd5 4. Nf3 Nf6 5. Nc3 Bb4 6. Bd2 Qd8 7. Nb5 Bxd2+ 8. Qxd2 a6 9. Nc3 b6 10. 0-0-0 Bb7 11. Qf4 Nd5 12. Nxd5 Bxd5 13. c4 Bxf3 14. Qxf3 Nd7 15. Bd3 0-0 16. g4 c5 17. h4 cxd4 18. Be4 Rc8 19. Rxd4 Qe7 20. g5 g6 21. Qg3 e5 22. Rd2 Rxc4+ 23. Bc2 Rfc8 24. Kb1 Nc5 25. Qh3 Ne6 26. Bb3 Nf4 27. Qe3 R4c5 28. Rhd1 Ng2 29. Qh3 Nf4 30. Qh1 R5c7 31. Rc2 Rxc2 32. Bxc2 Qc5 33. Bb3 Qc7 34. Qe4 b5 35. Re1 a5 36. a3 a4 37. Bc2 Ne6 38. Rc1 Nd4 39. Qd3 Qc5 40. Qd2 Nf3 41. Qe3 Qxe3 42. fxe3 Nd2+ 43. Ka2 Nb3 44. Kb1 Nxc1 45. Kxc1 f5 46. gxf6 Kf7 47. Kd2 Kxf6 48. Bd3 Rc5 49. Ke2 h5 50. Kf3 g5 51. hxg5+ Kxg5 52. Kg3 Rd5 53. Be2 h4+ 54. Kh3 Rd2 55. Bxb5 Rxb2 56. Bxa4 Ra2 57. Bd1 Rxa3 58. Kg2 Rxe3 59. Bf3 e4 60. Be2 Rxe2+ 61. Kh3 0-1

[Event "SVK-chT2C 0708"]
[Site "Slovakia"]
[Date "2007.12.01"]
[Round "5.6"]
[White "Stefanik, Marcel"]
[Black "Vyparina, Lubomir"]
[Result "1-0"]
[WhiteElo "1826"]
[BlackElo "1451"]
[PlyCount "53"]
[EventDate "2007.10.06"]
[EventType "team-tourn"]
[EventRounds "11"]
[EventCountry "SVK"]
[SourceTitle "EXT 2010"]
[Source "ChessBase"]
[SourceDate "2010.11.25"]
[SourceVersion "1"]
[SourceVersionDate "2010.11.25"]
[SourceQuality "1"]
[WhiteTeam "Zilina Mladost juniors"]
[BlackTeam "Zilina Mladost II"]
[WhiteTeamCountry "SVK"]
[BlackTeamCountry "SVK"]

1. d4 Nf6 2. c4 d6 3. Nc3 e6 4. Nf3 Be7 5. e4 0-0 6. h3 h6 7. g4 Nh7 8. h4 f6 9. Be3 b6 10. Qd2 Nc6 11. Bh3 Na5 12. b3 Ba6 13. g5 fxg5 14. Bxe6+ Rf7 15. hxg5 Nxg5 16. Nxg5 Bxg5 17. Bxg5 hxg5 18. Rg1 Qf6 19. Bxf7+ Qxf7 20. Qxg5 Rf8 21. f4 Qf6 22. Qxf6 Rxf6 23. f5 Nc6 24. Rd1 Bc8 25. Nb5 Bxf5 26. exf5 Rxf5 27. Rf1 1-0

[Event "SVK-chT2C 0506"]
[Site "Slovakia"]
[Date "2006.03.11"]
[Round "10.6"]
[White "Bucka, Pavel"]
[Black "Stefanik, Marcel"]
[Result "1-0"]
[WhiteElo "1999"]
[BlackElo "1790"]
[PlyCount "79"]
[EventDate "2005.10.22"]
[EventType "team-tourn"]
[EventRounds "11"]
[EventCountry "SVK"]
[SourceTitle "EXT 2009"]
[Source "ChessBase"]
[SourceDate "2008.11.26"]
[SourceVersion "1"]
[SourceVersionDate "2008.11.26"]
[SourceQuality "1"]

1. e4 c6 2. d4 d5 3. e5 Bf5 4. Nf3 e6 5. c4 dxc4 6. Bxc4 Ne7 7. 0-0 Bg4 8. Be3 Nf5 9. Be2 Nd7 10. h3 Bxf3 11. Bxf3 Qb6 12. Qd2 Rd8 13. Be4 Bb4 14. Nc3 Nxe3 15. fxe3 0-0 16. Qc2 f5 17. Bd3 Be7 18. Bc4 f4 19. Bxe6+ Kh8 20. Na4 Qc7 21. exf4 b5 22. Nc3 Qb6 23. Ne2 Nb8 24. Kh1 Na6 25. a3 Nc7 26. Ba2 c5 27. Rac1 c4 28. Bb1 g6 29. Qe4 Nd5 30. g4 Qc6 31. Rf3 Rf7 32. Rcf1 Qe6 33. f5 gxf5 34. gxf5 Qh6 35. f6 Nxf6 36. exf6 Bxf6 37. Qe6 Rdf8 38. Ng1 Re7 39. Rxf6 Rxe6 40. Rxf8+ 1-0

[Event "SVK-chT2C 0506"]
[Site "Slovakia"]
[Date "2005.12.17"]
[Round "5.8"]
[White "Turcel, Jozef"]
[Black "Stefanik, Marcel"]
[Result "1-0"]
[WhiteElo "2039"]
[BlackElo "1790"]
[PlyCount "75"]
[EventDate "2005.10.22"]
[EventType "team-tourn"]
[EventRounds "11"]
[EventCountry "SVK"]
[SourceTitle "EXT 2009"]
[Source "ChessBase"]
[SourceDate "2008.11.26"]
[SourceVersion "1"]
[SourceVersionDate "2008.11.26"]
[SourceQuality "1"]

1. e4 c6 2. d4 d5 3. e5 Bf5 4. Nf3 e6 5. Be2 Nd7 6. Be3 Qb6 7. Qc1 Ne7 8. Nbd2 Bg4 9. h3 Bxf3 10. Nxf3 Nf5 11. 0-0 c5 12. dxc5 Nxc5 13. b4 Nxe3 14. bxc5 Bxc5 15. Rb1 Nxf1 16. Rxb6 axb6 17. Bb5+ Kf8 18. Bxf1 h6 19. Qb2 Ke7 20. Nd4 Ra7 21. Nb3 Rha8 22. Nxc5 bxc5 23. Qb6 c4 24. f4 Rxa2 25. Qxb7+ Kf8 26. f5 Re8 27. fxe6 fxe6 28. c3 Kg8 29. Qd7 Raa8 30. Be2 Rad8 31. Qc6 Rc8 32. Qd6 Rcd8 33. Qc5 Rc8 34. Qe3 Rf8 35. Bg4 Rce8 36. Qb6 Kf7 37. Bh5+ g6 38. Qc7+ 1-0